[Event "45th FIDE Chess Olympiad Open"]
[Site "Budapest, Hungary"]
[Date "2024.09.22"]
[Round "11"]
[White "Oscar Naranjo Gonzalez"]
[Black "Chipanga, Chiletso"]
[Result "0-1"]
[Board "274"]
[WhiteFideId "22900241"]
[BlackFideId "16400119"]
[BlackTitle "CM"]
[WhiteElo "1861"]
[BlackElo "2089"]
[WhiteTeam "Equatorial Guinea"]
[BlackTeam "Malawi"]
[WhiteClock "0:11:55"]
[BlackClock "0:02:54"]
[Variant "Standard"]

1. e4 {[%clk 1:30:51]}  c5 {[%clk 1:29:13]} 2. Nf3 {[%clk 1:31:05]}  Nc6 {[%clk 1:29:02]} 3. Bb5 {[%clk 1:31:15]}  Qc7 {[%clk 1:28:47]} 4. O-O {[%clk 1:31:22]}  e6 {[%clk 1:28:56]} 5. Re1 {[%clk 1:30:55]}  Nge7 {[%clk 1:28:19]} 6. c3 {[%clk 1:28:33]}  d5 {[%clk 1:26:35]} 7. exd5 {[%clk 1:28:16]}  Nxd5 {[%clk 1:26:59]} 8. d4 {[%clk 1:27:56]}  cxd4 {[%clk 1:26:54]} 9. Qxd4 {[%clk 1:22:36]}  Nde7 {[%clk 1:22:14]} 10. Bf4 {[%clk 1:15:43]}  Qa5 {[%clk 1:21:58]} 11. Qd3 {[%clk 1:11:39]}  Ng6 {[%clk 1:20:29]} 12. Bg3 {[%clk 1:08:38]}  Be7 {[%clk 1:16:23]} 13. b4 {[%clk 1:08:28]}  Qb6 {[%clk 1:15:46]} 14. a4 {[%clk 1:05:15]}  a6 {[%clk 1:12:18]} 15. Bc4 {[%clk 1:04:41]}  O-O {[%clk 1:08:27]} 16. a5 {[%clk 1:05:01]}  Qa7 {[%clk 1:08:55]} 17. Nbd2 {[%clk 1:03:12]}  b5 {[%clk 1:06:48]} 18. Bb3 {[%clk 1:02:07]}  Bb7 {[%clk 1:03:33]} 19. h4 {[%clk 1:01:22]}  Rad8 {[%clk 1:02:00]} 20. Qe2 {[%clk 1:01:21]}  Bd6 {[%clk 0:56:21]} 21. Bxd6 {[%clk 1:01:31]}  Rxd6 {[%clk 0:56:49]} 22. Ne4 {[%clk 1:00:17]}  Rdd8 {[%clk 0:54:55]} 23. Nc5 {[%clk 1:00:00]}  Ba8 {[%clk 0:53:30]} 24. Ng5 {[%clk 0:53:28]}  Rfe8 {[%clk 0:21:55]} 25. h5 {[%clk 0:44:14]}  Nf8 {[%clk 0:19:43]} 26. h6 {[%clk 0:43:02]}  gxh6 {[%clk 0:16:04]} 27. Nge4 {[%clk 0:43:11]}  Kg7 {[%clk 0:13:37]} 28. Qh5 {[%clk 0:42:56]}  Ng6 {[%clk 0:11:41]} 29. Re3 {[%clk 0:43:02]}  Nce7 {[%clk 0:06:39]} 30. Rh3 {[%clk 0:42:22]}  Ng8 {[%clk 0:06:14]} 31. Rg3 {[%clk 0:38:19]}  Bd5 {[%clk 0:03:50]} 32. Nd6 {[%clk 0:35:09]}  Rxd6 {[%clk 0:02:17]} 33. Qe5+ {[%clk 0:35:23]}  Nf6 {[%clk 0:02:46]} 34. Qxd6 {[%clk 0:35:02]}  Bxb3 {[%clk 0:03:08]} 35. Nxb3 {[%clk 0:34:55]}  Qxf2+ {[%clk 0:02:35]} 36. Kxf2 {[%clk 0:34:26]}  Ne4+ {[%clk 0:03:03]} 37. Kf1 {[%clk 0:33:21]}  Nxd6 {[%clk 0:03:30]} 38. Nc5 {[%clk 0:33:23]}  Nf5 {[%clk 0:03:24]} 39. Rd3 {[%clk 0:32:05]}  Ne5 {[%clk 0:03:35]} 40. Rd2 {[%clk 0:30:08]}  Ra8 {[%clk 0:01:24]} 41. Re1 {[%clk 0:29:05]}  Nc4 {[%clk 0:29:40]} 42. Rd7 {[%clk 0:58:53]}  Kg6 {[%clk 0:30:09]} 43. Kf2 {[%clk 0:58:17]}  h5 {[%clk 0:29:37]} 44. Red1 {[%clk 0:57:48]}  Nfe3 {[%clk 0:27:37]} 45. Rh1 {[%clk 0:55:39]}  Nd5 {[%clk 0:25:34]} 46. Rh3 {[%clk 0:55:37]}  Nf6 {[%clk 0:24:46]} 47. Rg3+ {[%clk 0:51:59]}  Ng4+ {[%clk 0:24:50]} 48. Ke2 {[%clk 0:52:16]}  f5 {[%clk 0:22:38]} 49. Rgd3 {[%clk 0:49:19]}  Nge5 {[%clk 0:20:26]} 50. Rd8 {[%clk 0:49:32]}  Ra7 {[%clk 0:20:31]} 51. Rg8+ {[%clk 0:49:48]}  Kf6 {[%clk 0:20:41]} 52. Rdd8 {[%clk 0:49:53]}  Ng6 {[%clk 0:19:19]} 53. Rd7 {[%clk 0:49:26]}  Nf4+ {[%clk 0:19:05]} 54. Kf2 {[%clk 0:49:01]}  Rxd7 {[%clk 0:17:31]} 55. Nxd7+ {[%clk 0:49:02]}  Ke7 {[%clk 0:17:55]} 56. Nc5 {[%clk 0:48:02]}  e5 {[%clk 0:18:22]} 57. Rg5 {[%clk 0:41:45]}  Kf6 {[%clk 0:12:51]} 58. Rg8 {[%clk 0:41:15]}  Kf7 {[%clk 0:12:26]} 59. Rd8 {[%clk 0:36:38]}  e4 {[%clk 0:11:50]} 60. Rd1 {[%clk 0:30:33]}  Kf6 {[%clk 0:07:40]} 61. g3 {[%clk 0:29:30]}  Nh3+ {[%clk 0:07:42]} 62. Ke2 {[%clk 0:29:28]}  Kg5 {[%clk 0:05:25]} 63. Nxa6 {[%clk 0:27:35]}  Kg4 {[%clk 0:05:37]} 64. Nc5 {[%clk 0:27:48]}  Kxg3 {[%clk 0:05:33]} 65. Nxe4+ {[%clk 0:27:47]}  fxe4 {[%clk 0:05:53]} 66. Rd7 {[%clk 0:26:17]}  Nf4+ {[%clk 0:05:26]} 67. Ke1 {[%clk 0:25:47]}  h4 {[%clk 0:03:58]} 68. Rxh7 {[%clk 0:19:51]}  h3 {[%clk 0:03:39]} 69. Rg7+ {[%clk 0:18:31]}  Kf3 {[%clk 0:02:58]} 70. a6 {[%clk 0:17:23]}  e3 {[%clk 0:01:16]} 71. a7 {[%clk 0:15:09]}  Nb6 {[%clk 0:01:26]} 72. Kd1 {[%clk 0:11:54]}  Kf2 {[%clk 0:01:23]} 73. Rf7 {[%clk 0:11:00]}  e2+ {[%clk 0:01:39]} 74. Kc2 {[%clk 0:11:21]}  e1=Q {[%clk 0:02:01]} 75. Rxf4 {[%clk 0:11:30]}  Ke3 {[%clk 0:01:53]} 76. Rf8 {[%clk 0:11:22]}  Qd2+ {[%clk 0:02:07]} 77. Kb3 {[%clk 0:11:48]}  Qd1+ {[%clk 0:01:04]} 78. Ka2 {[%clk 0:11:49]}  Qc2+ {[%clk 0:01:32]} 79. Ka1 {[%clk 0:12:02]}  Qxc3+ {[%clk 0:02:01]} 80. Ka2 {[%clk 0:11:46]}  Qc2+ {[%clk 0:02:28]} 81. Ka1 {[%clk 0:11:55]}  Qa4+ {[%clk 0:02:54]} 0-1

[Event "45th FIDE Chess Olympiad Open"]
[Site "Budapest, Hungary"]
[Date "2024.09.22"]
[Round "11"]
[White "Kamwendo Precious"]
[Black "Pedro Manuel Envo Engonga Avomo"]
[Result "1-0"]
[Board "275"]
[WhiteFideId "20500785"]
[BlackFideId "22900152"]
[WhiteElo "2001"]
[BlackElo "1702"]
[WhiteTeam "Malawi"]
[BlackTeam "Equatorial Guinea"]
[WhiteClock "1:57:46"]
[BlackClock "0:09:00"]
[Variant "Standard"]

1. d4 {[%clk 1:30:54]}  Nf6 {[%clk 1:30:47]} 2. Nf3 {[%clk 1:31:22]}  d5 {[%clk 1:30:21]} 3. c4 {[%clk 1:31:46]}  e6 {[%clk 1:26:46]} 4. g3 {[%clk 1:32:10]}  c6 {[%clk 1:26:27]} 5. Bg2 {[%clk 1:32:32]}  Bb4+ {[%clk 1:25:43]} 6. Bd2 {[%clk 1:32:42]}  Qb6 {[%clk 1:21:07]} 7. Nc3 {[%clk 1:32:37]}  dxc4 {[%clk 1:18:59]} 8. O-O {[%clk 1:32:54]}  Nbd7 {[%clk 1:12:31]} 9. a3 {[%clk 1:31:48]}  Bxc3 {[%clk 1:07:12]} 10. bxc3 {[%clk 1:31:49]}  Qa5 {[%clk 1:06:12]} 11. Qc2 {[%clk 1:31:36]}  O-O {[%clk 1:01:30]} 12. Rfb1 {[%clk 1:31:31]}  Qf5 {[%clk 0:58:35]} 13. Qa2 {[%clk 1:30:31]}  Nb6 {[%clk 0:54:20]} 14. a4 {[%clk 1:30:52]}  Ne4 {[%clk 0:53:40]} 15. Be1 {[%clk 1:31:03]}  Qa5 {[%clk 0:48:29]} 16. Ne5 {[%clk 1:30:49]}  Nd6 {[%clk 0:40:22]} 17. Qa3 {[%clk 1:30:25]}  Nf5 {[%clk 0:34:42]} 18. e4 {[%clk 1:30:24]}  Nh6 {[%clk 0:32:38]} 19. Qb4 {[%clk 1:29:55]}  Qxb4 {[%clk 0:30:11]} 20. Rxb4 {[%clk 1:30:13]}  f6 {[%clk 0:29:59]} 21. Nxc4 {[%clk 1:30:18]}  Nxc4 {[%clk 0:29:55]} 22. Rxc4 {[%clk 1:30:41]}  a5 {[%clk 0:29:59]} 23. d5 {[%clk 1:29:51]}  Bd7 {[%clk 0:25:06]} 24. Rd4 {[%clk 1:29:35]}  exd5 {[%clk 0:23:47]} 25. exd5 {[%clk 1:29:42]}  c5 {[%clk 0:18:03]} 26. Rdd1 {[%clk 1:30:05]}  b5 {[%clk 0:18:13]} 27. axb5 {[%clk 1:29:54]}  Bxb5 {[%clk 0:18:23]} 28. d6 {[%clk 1:30:11]}  Ra6 {[%clk 0:14:46]} 29. c4 {[%clk 1:30:15]}  Bxc4 {[%clk 0:11:20]} 30. d7 {[%clk 1:30:00]}  Nf7 {[%clk 0:10:40]} 31. Rxa5 {[%clk 1:30:13]}  Rxa5 {[%clk 0:09:32]} 32. Bxa5 {[%clk 1:30:36]}  Nd8 {[%clk 0:09:34]} 33. Bb6 {[%clk 1:30:37]}  Kf7 {[%clk 0:07:13]} 34. Bxc5 {[%clk 1:30:43]}  Rh8 {[%clk 0:07:33]} 35. f4 {[%clk 1:29:40]}  f5 {[%clk 0:06:56]} 36. Kf2 {[%clk 1:29:27]}  Ne6 {[%clk 0:06:18]} 37. Bb6 {[%clk 1:29:39]}  Ke7 {[%clk 0:06:09]} 38. Bc6 {[%clk 1:29:25]}  Nd8 {[%clk 0:03:23]} 39. Re1+ {[%clk 1:29:19]}  Ne6 {[%clk 0:00:44]} 40. d8=Q+ {[%clk 1:29:17]}  Rxd8 {[%clk 0:00:51]} 41. Bxd8+ {[%clk 1:29:31]}  Kxd8 {[%clk 0:01:03]} 42. Bg2 {[%clk 1:28:07]}  Nc5 {[%clk 0:28:50]} 43. Ke3 {[%clk 1:58:03]}  Nb3 {[%clk 0:28:36]} 44. Rd1+ {[%clk 1:58:06]}  Ke7 {[%clk 0:28:14]} 45. Bd5 {[%clk 1:58:27]}  Na5 {[%clk 0:26:31]} 46. Kd4 {[%clk 1:57:49]}  Bxd5 {[%clk 0:23:38]} 47. Kxd5 {[%clk 1:58:07]}  Kf6 {[%clk 0:23:23]} 48. Rb1 {[%clk 1:58:16]}  h6 {[%clk 0:15:27]} 49. Rb6+ {[%clk 1:55:47]}  Kf7 {[%clk 0:15:33]} 50. Rb5 {[%clk 1:55:37]}  g5 {[%clk 0:14:30]} 51. Rxa5 {[%clk 1:55:55]}  Kg6 {[%clk 0:13:11]} 52. Ke5 {[%clk 1:56:13]}  gxf4 {[%clk 0:11:28]} 53. Kxf4 {[%clk 1:56:33]}  h5 {[%clk 0:08:43]} 54. Ra6+ {[%clk 1:56:49]}  Kg7 {[%clk 0:09:03]} 55. Kxf5 {[%clk 1:57:08]}  h4 {[%clk 0:09:12]} 56. g4 {[%clk 1:57:14]}  h3 {[%clk 0:09:11]} 57. Ra7+ {[%clk 1:57:27]}  Kh6 {[%clk 0:09:00]} 58. g5+ {[%clk 1:57:46]} 1-0

[Event "45th FIDE Chess Olympiad Open"]
[Site "Budapest, Hungary"]
[Date "2024.09.22"]
[Round "11"]
[White "Ah Kye, Benitot"]
[Black "Van Bemmelen, Ursus"]
[Result "1/2-1/2"]
[Board "277"]
[WhiteFideId "9700552"]
[BlackFideId "7501013"]
[WhiteTitle "CM"]
[BlackTitle "FM"]
[WhiteElo "1815"]
[BlackElo "2146"]
[WhiteTeam "Mauritius"]
[BlackTeam "Netherlands Antilles"]
[WhiteClock "0:01:26"]
[BlackClock "0:10:32"]
[Variant "Standard"]

1. e4 {[%clk 1:30:57]}  c5 {[%clk 1:30:44]} 2. Nf3 {[%clk 1:31:24]}  g6 {[%clk 1:30:47]} 3. d4 {[%clk 1:31:48]}  cxd4 {[%clk 1:31:11]} 4. Nxd4 {[%clk 1:32:10]}  Nf6 {[%clk 1:31:11]} 5. Nc3 {[%clk 1:32:32]}  d6 {[%clk 1:31:28]} 6. Be3 {[%clk 1:32:43]}  Nc6 {[%clk 1:31:26]} 7. f3 {[%clk 1:33:02]}  h5 {[%clk 1:30:49]} 8. Qd2 {[%clk 1:33:05]}  Nxd4 {[%clk 1:30:05]} 9. Qxd4 {[%clk 1:33:20]}  Bg7 {[%clk 1:30:16]} 10. O-O-O {[%clk 1:32:44]}  O-O {[%clk 1:30:28]} 11. Qd2 {[%clk 1:33:02]}  Be6 {[%clk 1:29:15]} 12. Kb1 {[%clk 1:31:15]}  Kh7 {[%clk 1:23:52]} 13. h4 {[%clk 1:28:11]}  Qa5 {[%clk 1:22:31]} 14. a3 {[%clk 1:26:10]}  Rac8 {[%clk 1:15:21]} 15. Be2 {[%clk 1:15:27]}  Bc4 {[%clk 1:09:02]} 16. Bxc4 {[%clk 0:49:53]}  Rxc4 {[%clk 1:09:12]} 17. Nd5 {[%clk 0:50:08]}  Qxd2 {[%clk 1:08:27]} 18. Rxd2 {[%clk 0:50:34]}  Nxd5 {[%clk 1:04:42]} 19. Rxd5 {[%clk 0:50:47]}  Ra4 {[%clk 0:51:36]} 20. c3 {[%clk 0:25:25]}  Be5 {[%clk 0:23:10]} 21. Ka2 {[%clk 0:19:18]}  Rc8 {[%clk 0:17:05]} 22. b3 {[%clk 0:14:51]}  Ra6 {[%clk 0:13:48]} 23. c4 {[%clk 0:15:06]}  Rc7 {[%clk 0:11:09]} 24. f4 {[%clk 0:09:26]}  Bf6 {[%clk 0:10:44]} 25. f5 {[%clk 0:05:58]}  Be5 {[%clk 0:10:05]} 26. fxg6+ {[%clk 0:04:56]}  Kxg6 {[%clk 0:10:33]} 27. Rf1 {[%clk 0:04:18]}  Rac6 {[%clk 0:10:20]} 28. a4 {[%clk 0:03:05]}  a6 {[%clk 0:10:04]} 29. a5 {[%clk 0:01:45]}  Rc8 {[%clk 0:10:21]} 30. Rf5 {[%clk 0:01:26]}  f6 {[%clk 0:10:32]} 1/2-1/2

[Event "45th FIDE Chess Olympiad Open"]
[Site "Budapest, Hungary"]
[Date "2024.09.22"]
[Round "11"]
[White "Capella, Rurik"]
[Black "Chinasamy, Devarajen"]
[Result "1/2-1/2"]
[Board "278"]
[WhiteFideId "7501005"]
[BlackFideId "9700072"]
[WhiteTitle "FM"]
[BlackTitle "CM"]
[WhiteElo "1971"]
[BlackElo "1975"]
[WhiteTeam "Netherlands Antilles"]
[BlackTeam "Mauritius"]
[WhiteClock "0:03:00"]
[BlackClock "0:19:44"]
[Variant "Standard"]

1. e4 {[%clk 1:30:55]}  d6 {[%clk 1:30:51]} 2. d4 {[%clk 1:31:16]}  Nf6 {[%clk 1:31:16]} 3. Nc3 {[%clk 1:31:36]}  c6 {[%clk 1:31:38]} 4. h3 {[%clk 1:31:50]}  e5 {[%clk 1:31:43]} 5. Nf3 {[%clk 1:31:42]}  Qc7 {[%clk 1:31:57]} 6. Bg5 {[%clk 1:29:56]}  Be7 {[%clk 1:31:37]} 7. Bd3 {[%clk 1:24:55]}  Nbd7 {[%clk 1:31:15]} 8. O-O {[%clk 1:23:39]}  O-O {[%clk 1:31:32]} 9. Ne2 {[%clk 1:23:31]}  Re8 {[%clk 1:23:50]} 10. c3 {[%clk 1:22:19]}  d5 {[%clk 1:20:19]} 11. Nxe5 {[%clk 1:04:12]}  Nxe4 {[%clk 1:12:16]} 12. Bf4 {[%clk 0:52:37]}  Nxe5 {[%clk 1:08:28]} 13. Bxe4 {[%clk 0:46:45]}  dxe4 {[%clk 1:08:12]} 14. dxe5 {[%clk 0:39:53]}  Qb6 {[%clk 1:00:02]} 15. b3 {[%clk 0:36:02]}  f5 {[%clk 0:59:56]} 16. exf6 {[%clk 0:35:07]}  Bxf6 {[%clk 1:00:14]} 17. Be3 {[%clk 0:34:02]}  Qa5 {[%clk 0:57:39]} 18. Qc2 {[%clk 0:28:13]}  Bf5 {[%clk 0:53:43]} 19. a4 {[%clk 0:24:15]}  Bg6 {[%clk 0:51:02]} 20. b4 {[%clk 0:24:03]}  Qc7 {[%clk 0:50:31]} 21. Rfd1 {[%clk 0:22:44]}  Bh5 {[%clk 0:46:46]} 22. Rd2 {[%clk 0:21:41]}  Rad8 {[%clk 0:45:57]} 23. Rxd8 {[%clk 0:16:49]}  Rxd8 {[%clk 0:46:17]} 24. Nd4 {[%clk 0:14:19]}  Re8 {[%clk 0:44:53]} 25. a5 {[%clk 0:11:53]}  Bf7 {[%clk 0:39:10]} 26. Ne2 {[%clk 0:07:56]}  a6 {[%clk 0:36:02]} 27. Bb6 {[%clk 0:06:43]}  Qc8 {[%clk 0:31:06]} 28. Re1 {[%clk 0:06:13]}  Be5 {[%clk 0:25:37]} 29. Bd4 {[%clk 0:03:55]}  Bb8 {[%clk 0:20:19]} 30. Qd2 {[%clk 0:03:00]}  Qc7 {[%clk 0:19:44]} 1/2-1/2

[Event "45th FIDE Chess Olympiad Open"]
[Site "Budapest, Hungary"]
[Date "2024.09.22"]
[Round "11"]
[White "Lam Kin Cheung, Stephane"]
[Black "Van Opstal, Rurik"]
[Result "1/2-1/2"]
[Board "279"]
[WhiteFideId "9700579"]
[BlackFideId "7502621"]
[WhiteElo "1677"]
[BlackElo "2006"]
[WhiteTeam "Mauritius"]
[BlackTeam "Netherlands Antilles"]
[WhiteClock "0:23:19"]
[BlackClock "0:11:38"]
[Variant "Standard"]

1. e4 {[%clk 1:28:09]}  c5 {[%clk 1:30:55]} 2. Nf3 {[%clk 1:28:16]}  d6 {[%clk 1:31:14]} 3. d4 {[%clk 1:28:38]}  cxd4 {[%clk 1:31:38]} 4. Nxd4 {[%clk 1:28:59]}  Nf6 {[%clk 1:32:05]} 5. Nc3 {[%clk 1:29:10]}  g6 {[%clk 1:31:54]} 6. Be3 {[%clk 1:28:59]}  Bg7 {[%clk 1:31:58]} 7. f3 {[%clk 1:29:04]}  O-O {[%clk 1:31:46]} 8. Qd2 {[%clk 1:29:24]}  Nc6 {[%clk 1:31:26]} 9. O-O-O {[%clk 1:26:43]}  Nxd4 {[%clk 1:22:30]} 10. Bxd4 {[%clk 1:26:18]}  Be6 {[%clk 1:20:17]} 11. Kb1 {[%clk 1:26:09]}  h5 {[%clk 1:09:24]} 12. h4 {[%clk 1:24:40]}  Kh7 {[%clk 1:04:45]} 13. Be2 {[%clk 1:23:45]}  Qa5 {[%clk 1:01:27]} 14. Nd5 {[%clk 1:16:25]}  Qxd2 {[%clk 1:01:06]} 15. Nxf6+ {[%clk 1:16:23]}  Bxf6 {[%clk 1:01:28]} 16. Rxd2 {[%clk 1:16:36]}  Bxd4 {[%clk 1:00:03]} 17. Rxd4 {[%clk 1:15:18]}  Rac8 {[%clk 0:58:54]} 18. c3 {[%clk 1:12:30]}  a5 {[%clk 0:51:28]} 19. Bd1 {[%clk 1:10:15]}  Kg7 {[%clk 0:47:27]} 20. Bb3 {[%clk 1:09:15]}  Rc5 {[%clk 0:44:35]} 21. Bxe6 {[%clk 1:07:25]}  fxe6 {[%clk 0:44:57]} 22. Rhd1 {[%clk 1:05:12]}  b5 {[%clk 0:43:01]} 23. a4 {[%clk 1:00:35]}  Rf4 {[%clk 0:41:44]} 24. e5 {[%clk 0:52:02]}  dxe5 {[%clk 0:38:25]} 25. Re4 {[%clk 0:45:16]}  bxa4 {[%clk 0:32:27]} 26. Rxf4 {[%clk 0:40:48]}  exf4 {[%clk 0:32:49]} 27. Rd4 {[%clk 0:37:40]}  e5 {[%clk 0:32:09]} 28. Rxa4 {[%clk 0:37:53]}  Kf6 {[%clk 0:32:07]} 29. Kc2 {[%clk 0:37:36]}  g5 {[%clk 0:31:56]} 30. Ra1 {[%clk 0:34:37]}  Kf5 {[%clk 0:21:54]} 31. hxg5 {[%clk 0:23:35]}  Kxg5 {[%clk 0:19:56]} 32. Rh1 {[%clk 0:23:39]}  e4 {[%clk 0:19:48]} 33. fxe4 {[%clk 0:23:19]}  Kf6 {[%clk 0:11:38]} 1/2-1/2

[Event "45th FIDE Chess Olympiad Open"]
[Site "Budapest, Hungary"]
[Date "2024.09.22"]
[Round "11"]
[White "Van Delden, Johan"]
[Black "Lee Luen Mang, Stefan"]
[Result "1-0"]
[Board "280"]
[WhiteFideId "7502206"]
[BlackFideId "9700242"]
[WhiteElo "1909"]
[BlackElo "1803"]
[WhiteTeam "Netherlands Antilles"]
[BlackTeam "Mauritius"]
[WhiteClock "0:40:09"]
[BlackClock "0:14:12"]
[Variant "Standard"]

1. e4 {[%clk 1:30:53]}  c5 {[%clk 1:30:56]} 2. Nf3 {[%clk 1:31:11]}  Nc6 {[%clk 1:31:18]} 3. d4 {[%clk 1:30:47]}  cxd4 {[%clk 1:31:42]} 4. Nxd4 {[%clk 1:31:06]}  e5 {[%clk 1:32:06]} 5. Nb5 {[%clk 1:31:06]}  d6 {[%clk 1:32:30]} 6. N1c3 {[%clk 1:30:58]}  a6 {[%clk 1:32:53]} 7. Na3 {[%clk 1:30:57]}  Be6 {[%clk 1:33:21]} 8. Be3 {[%clk 1:28:26]}  Nf6 {[%clk 1:33:40]} 9. Be2 {[%clk 1:25:02]}  b5 {[%clk 1:31:08]} 10. Nd5 {[%clk 1:24:44]}  Nxe4 {[%clk 1:26:06]} 11. Bb6 {[%clk 1:24:41]}  Qc8 {[%clk 1:20:34]} 12. Nc7+ {[%clk 1:23:44]}  Kd7 {[%clk 1:21:01]} 13. Nxa8 {[%clk 1:23:00]}  Qxa8 {[%clk 1:20:55]} 14. O-O {[%clk 1:18:19]}  Be7 {[%clk 1:19:10]} 15. c4 {[%clk 1:15:48]}  b4 {[%clk 1:17:58]} 16. Nc2 {[%clk 1:15:58]}  Qb7 {[%clk 1:15:54]} 17. Be3 {[%clk 1:15:55]}  f5 {[%clk 1:14:54]} 18. f3 {[%clk 1:14:49]}  Nf6 {[%clk 1:13:18]} 19. b3 {[%clk 1:13:24]}  f4 {[%clk 1:10:51]} 20. Bc1 {[%clk 1:05:48]}  g5 {[%clk 1:07:22]} 21. Bb2 {[%clk 1:05:29]}  Rg8 {[%clk 1:06:29]} 22. Kh1 {[%clk 1:04:41]}  h5 {[%clk 1:03:40]} 23. Ne1 {[%clk 1:00:21]}  g4 {[%clk 1:01:29]} 24. Nd3 {[%clk 1:00:21]}  Ke8 {[%clk 1:01:57]} 25. c5 {[%clk 0:56:15]}  Nd5 {[%clk 0:53:02]} 26. Qd2 {[%clk 0:53:05]}  Ne3 {[%clk 0:49:15]} 27. cxd6 {[%clk 0:51:32]}  Bh4 {[%clk 0:43:49]} 28. Nc5 {[%clk 0:50:04]}  Qf7 {[%clk 0:40:44]} 29. fxg4 {[%clk 0:45:35]}  Bxg4 {[%clk 0:33:05]} 30. d7+ {[%clk 0:40:15]}  Bxd7 {[%clk 0:17:03]} 31. Bxh5 {[%clk 0:39:30]}  Qxh5 {[%clk 0:13:53]} 32. Qxd7+ {[%clk 0:39:42]}  Kf8 {[%clk 0:14:12]} 33. Ne6# {[%clk 0:40:09]} 1-0

[Event "45th FIDE Chess Olympiad Open"]
[Site "Budapest, Hungary"]
[Date "2024.09.22"]
[Round "11"]
[White "Haidary, Hameedullah"]
[Black "Al-Hajiri, Bader"]
[Result "1-0"]
[Board "281"]
[WhiteFideId "11700840"]
[BlackFideId "10300163"]
[BlackTitle "FM"]
[WhiteElo "2192"]
[BlackElo "1947"]
[WhiteTeam "Afghanistan"]
[BlackTeam "Kuwait"]
[WhiteClock "0:17:46"]
[BlackClock "0:16:33"]
[Variant "Standard"]

1. d4 {[%clk 1:30:54]}  d5 {[%clk 1:30:23]} 2. Bf4 {[%clk 1:31:16]}  c5 {[%clk 1:30:31]} 3. c3 {[%clk 1:30:37]}  Nc6 {[%clk 1:30:01]} 4. e3 {[%clk 1:30:16]}  Nf6 {[%clk 1:30:05]} 5. Bd3 {[%clk 1:30:22]}  Qb6 {[%clk 1:30:16]} 6. Qc2 {[%clk 1:29:39]}  c4 {[%clk 1:30:01]} 7. Be2 {[%clk 1:29:54]}  g6 {[%clk 1:30:22]} 8. Nd2 {[%clk 1:29:15]}  Bf5 {[%clk 1:30:42]} 9. Qc1 {[%clk 1:28:56]}  h6 {[%clk 1:28:34]} 10. h3 {[%clk 1:23:11]}  g5 {[%clk 1:28:29]} 11. Bh2 {[%clk 1:20:41]}  Rc8 {[%clk 1:27:23]} 12. Ngf3 {[%clk 1:20:50]}  Qa5 {[%clk 1:27:05]} 13. Ne5 {[%clk 1:20:57]}  b5 {[%clk 1:25:39]} 14. b4 {[%clk 1:07:43]}  cxb3 {[%clk 1:20:22]} 15. axb3 {[%clk 1:08:04]}  Qb6 {[%clk 1:20:42]} 16. Qb2 {[%clk 1:08:21]}  Bg7 {[%clk 1:19:00]} 17. O-O {[%clk 1:08:24]}  O-O {[%clk 1:18:30]} 18. Rfc1 {[%clk 1:01:15]}  Nxe5 {[%clk 1:16:57]} 19. Bxe5 {[%clk 1:00:41]}  Ne4 {[%clk 1:15:15]} 20. Bxg7 {[%clk 0:59:06]}  Kxg7 {[%clk 1:15:32]} 21. Bd3 {[%clk 0:58:17]}  Rc7 {[%clk 0:59:29]} 22. Bxe4 {[%clk 0:55:01]}  Bxe4 {[%clk 0:58:28]} 23. Nxe4 {[%clk 0:49:35]}  dxe4 {[%clk 0:58:50]} 24. Qa2 {[%clk 0:49:47]}  e5 {[%clk 0:53:39]} 25. d5 {[%clk 0:45:21]}  Rfc8 {[%clk 0:39:55]} 26. c4 {[%clk 0:43:52]}  a5 {[%clk 0:40:09]} 27. Qd2 {[%clk 0:23:35]}  bxc4 {[%clk 0:38:45]} 28. bxc4 {[%clk 0:22:33]}  Rxc4 {[%clk 0:38:21]} 29. Rxc4 {[%clk 0:20:01]}  Rxc4 {[%clk 0:38:43]} 30. d6 {[%clk 0:20:11]}  Rc6 {[%clk 0:24:42]} 31. Rd1 {[%clk 0:19:43]}  a4 {[%clk 0:24:23]} 32. Qd5 {[%clk 0:19:39]}  Qb3 {[%clk 0:16:33]} 33. d7 {[%clk 0:17:46]} 1-0

[Event "45th FIDE Chess Olympiad Open"]
[Site "Budapest, Hungary"]
[Date "2024.09.22"]
[Round "11"]
[White "Al Ibrahim, Abdulrahman"]
[Black "Kanz, Ahmad Safy"]
[Result "1/2-1/2"]
[Board "282"]
[WhiteFideId "10300503"]
[BlackFideId "11700947"]
[BlackTitle "CM"]
[WhiteElo "1932"]
[BlackElo "1977"]
[WhiteTeam "Kuwait"]
[BlackTeam "Afghanistan"]
[WhiteClock "0:03:01"]
[BlackClock "0:39:59"]
[Variant "Standard"]

1. e4 {[%clk 1:30:57]}  c5 {[%clk 1:30:45]} 2. Nf3 {[%clk 1:31:20]}  d6 {[%clk 1:31:07]} 3. d4 {[%clk 1:31:43]}  cxd4 {[%clk 1:31:29]} 4. Nxd4 {[%clk 1:32:08]}  Nf6 {[%clk 1:31:49]} 5. Nc3 {[%clk 1:32:33]}  a6 {[%clk 1:32:13]} 6. Be3 {[%clk 1:32:55]}  e5 {[%clk 1:32:30]} 7. Nb3 {[%clk 1:33:20]}  Be7 {[%clk 1:32:48]} 8. Qd2 {[%clk 1:33:22]}  Be6 {[%clk 1:31:26]} 9. O-O-O {[%clk 1:33:07]}  Ng4 {[%clk 1:30:29]} 10. g3 {[%clk 1:31:03]}  O-O {[%clk 1:28:53]} 11. f4 {[%clk 1:28:36]}  Nxe3 {[%clk 1:27:22]} 12. Qxe3 {[%clk 1:28:58]}  Nc6 {[%clk 1:24:02]} 13. Kb1 {[%clk 1:28:09]}  Rc8 {[%clk 1:22:15]} 14. f5 {[%clk 1:24:10]}  Bg5 {[%clk 1:21:33]} 15. Qf2 {[%clk 1:21:52]}  Bxb3 {[%clk 1:21:53]} 16. cxb3 {[%clk 1:21:59]}  Nd4 {[%clk 1:21:30]} 17. h4 {[%clk 1:19:19]}  Bh6 {[%clk 1:20:57]} 18. g4 {[%clk 1:13:36]}  Bf4 {[%clk 1:17:38]} 19. g5 {[%clk 1:07:33]}  Qa5 {[%clk 1:17:42]} 20. Bc4 {[%clk 0:47:03]}  b5 {[%clk 1:15:28]} 21. Nd5 {[%clk 0:47:25]}  bxc4 {[%clk 1:15:06]} 22. b4 {[%clk 0:47:19]}  Qa4 {[%clk 1:14:29]} 23. Rxd4 {[%clk 0:44:11]}  exd4 {[%clk 1:14:05]} 24. Qxf4 {[%clk 0:44:35]}  c3 {[%clk 1:09:14]} 25. h5 {[%clk 0:33:04]}  Rfe8 {[%clk 1:05:26]} 26. bxc3 {[%clk 0:20:19]}  dxc3 {[%clk 1:05:22]} 27. f6 {[%clk 0:16:43]}  Rc4 {[%clk 1:02:24]} 28. fxg7 {[%clk 0:12:06]}  Rxb4+ {[%clk 1:01:53]} 29. Ka1 {[%clk 0:11:57]}  Re6 {[%clk 0:45:42]} 30. Nxb4 {[%clk 0:07:55]}  Qxb4 {[%clk 0:45:11]} 31. Rb1 {[%clk 0:07:59]}  Qd4 {[%clk 0:42:17]} 32. Rb8+ {[%clk 0:06:56]}  Kxg7 {[%clk 0:42:17]} 33. h6+ {[%clk 0:07:11]}  Kg6 {[%clk 0:42:41]} 34. Qf5+ {[%clk 0:02:20]}  Kh5 {[%clk 0:43:10]} 35. Qxf7+ {[%clk 0:02:24]}  Rg6 {[%clk 0:41:53]} 36. Qf3+ {[%clk 0:02:46]}  Kxg5 {[%clk 0:41:59]} 37. Qg3+ {[%clk 0:02:16]}  Kh5 {[%clk 0:39:07]} 38. Qh3+ {[%clk 0:02:37]}  Kg5 {[%clk 0:39:32]} 39. Qg3+ {[%clk 0:03:01]}  Kh5 {[%clk 0:39:59]} 1/2-1/2